Hacia un nuevo sistema de asignación de recursos: proyecto modernización CCSS
Guardado en:
| Formato: | Texto |
|---|---|
| Publicado: |
San José:
s. n.
|
| Materias: | |
| Etiquetas: |
Agregar Etiqueta
Sin Etiquetas, Sea el primero en etiquetar este registro!
|
MARC
| LEADER | 00000 a a2200000 04500 | ||
|---|---|---|---|
| 001 | 32618 | ||
| 003 | |||
| 040 | |||
| 020 | |a 9977-17-028-2 | ||
| 090 | |a 203200 | ||
| 245 | |a Hacia un nuevo sistema de asignación de recursos: proyecto modernización CCSS | ||
| 260 | |a San José: |b s. n. | ||
| 300 | |a 63 p. | ||
| 650 | |a SERVICIOS DE SALUD | ||
| 650 | |a SERVICIOS PUBLICOS | ||
| 650 | |a ASIGNACION DE RECURSOS | ||
| 650 | |a ADMINISTRACION FINANCIERA | ||
| 650 | |a DISTRIBUCION DEL INGRESO | ||
| 650 | |a DESIGUALDAD ECONOMICA | ||
| 650 | |a DESIGUALDAD REGIONAL | ||
| 650 | |a GASTOS DE SALUD | ||
| 650 | |a PRODUCTIVIDAD | ||
| 650 | |a EFICIENCIA | ||
| 650 | |a MODERNIZACION | ||
| 650 | |a DISEÑO DE PROYECTOS | ||
| 650 | |a COSTA RICA | ||
| 999 | |c 14418 |d 14418 | ||



